000135384 001__ 135384 000135384 005__ 20260110073828.0 000135384 037__ $$aTESIS-2024-179 000135384 041__ $$aspa 000135384 1001_ $$aVivas Franco, Carmen Zenaida 000135384 24500 $$aEstudio de la aplicación del Convenio de la Haya de sustracción de menores en España, Colombia y Venezuela, miembros de la Red Iberoamericana de Cooperación Jurídica Internacional 000135384 260__ $$aZaragoza$$bUniversidad de Zaragoza, Prensas de la Universidad$$c2024 000135384 300__ $$a364 000135384 4900_ $$aTesis de la Universidad de Zaragoza$$v2024-171$$x2254-7606 000135384 500__ $$aPresentado: 10 01 2024 000135384 502__ $$aTesis-Univ. Zaragoza, , 2024$$bZaragoza, Universidad de Zaragoza$$c2024 000135384 506__ $$aall-rights-reserved 000135384 520__ $$aEsta tesis constituye un estudio de Derecho comparado en torno a la aplicación práctica del Convenio de La Haya sobre los aspectos civiles de la sustracción internacional de menores de 25 de octubre de 1980 (CH80) en España, Colombia y Venezuela, todos países miembros de la Red Iberoamericana de Cooperación Jurídica Internacional. En el desarrollo del esfuerzo investigativo se resalta que los menores de edad están asistidos de derechos fundamentales que afianzan el principio de su interés superior, derechos que fueron analizados en clave de la crisis que pueda afectar la relación de sus progenitores, relación que puede o no ser matrimonial. La internacionalización de las relaciones familiares es una realidad que se resalta en la tesis pues puede ser el mejor abono para que se configure luego de una crisis de pareja una sustracción internacional, fenómeno penoso que vulnera los derechos de los menores, y de las personas -parientes o no- que constituían su entorno antes de la sustracción. Se explica además la teleología, estructura y características del CH80, y se repara en los conceptos que pueden suscitar diversas interpretaciones, algunas más apegadas al objetivo convencional que otras. Además, se describe cómo España ha avanzado en la aplicación del CH80 hasta el punto en que es referente para muchos países entre esos Colombia y Venezuela. Como separata y por una causa sobrevenida se hace un breve apartado a la pandemia por la COVID-19 y sus efectos sobre las órdenes de retorno emitidas en ese momento. Lo que reitera que el transcurso del tiempo es vital cuando de restablecer los derechos de los menores en medio de la aplicación del CH80 se trata. <br /> 000135384 520__ $$a<br /> 000135384 521__ $$97088$$aPrograma de Doctorado en Derecho 000135384 540__ $$9info:eu-repo/semantics/openAccess 000135384 6531_ $$aderecho comparado 000135384 6531_ $$aderecho civil 000135384 6531_ $$aderecho internacional privado 000135384 691__ $$a0 000135384 700__ $$aIriarte Angel, José Luis$$edir. 000135384 700__ $$aDiago Diago, María Pilar$$edir. 000135384 7102_ $$aUniversidad de Zaragoza 000135384 830__ $$9500 000135384 8560_ $$fcdeurop@unizar.es 000135384 8564_ $$s2549875$$uhttps://zaguan.unizar.es/record/135384/files/TESIS-2024-179.pdf$$zinfo:eu-repo/date/embargoEnd/2026-01-09 000135384 909CO $$ooai:zaguan.unizar.es:135384$$pdriver 000135384 909co $$ptesis 000135384 9102_ $$aCiencias Sociales y jurídicas 000135384 980__ $$aTESIS